LIBRARY & INFORMATION CENTRE, KCAET, TAVANUR

ONLINE PUBLIC ACCESS CATALOGUE (OPAC)

Development and performance evaluation of a batch-type cocoa bean dryer (Record no. 15492)

MARC details
000 -LEADER
fixed length control field 00557nam a22001577a 4500
003 - CONTROL NUMBER IDENTIFIER
control field OSt
008 - FIXED-LENGTH DATA ELEMENTS--GENERAL INFORMATION
fixed length control field 180925b ||||| |||| 00| 0 eng d
082 ## - DEWEY DECIMAL CLASSIFICATION NUMBER
Classification number 631.56
Item number DRI/DE
100 ## - MAIN ENTRY--AUTHOR NAME
Personal name Drishya C
-- Mufassil Usman
-- Vinduja P.V
245 ## - TITLE STATEMENT
Title Development and performance evaluation of a batch-type cocoa bean dryer
260 ## - PUBLICATION, DISTRIBUTION, ETC. (IMPRINT)
Place of publication Thavanur
Name of publisher Department of food and agriculture process engineering
Year of publication 2018
300 ## - PHYSICAL DESCRIPTION
Number of Pages 56
Accompanying material CD
700 ## - ADDED ENTRY--PERSONAL NAME
Personal name Rajesh G.K (Guide)
856 ## - ELECTRONIC LOCATION AND ACCESS
Uniform Resource Identifier <a href="https://drive.google.com/open?id=14qtcLiHrd6uBfjX9edPy3oxXnqB7ClG0">https://drive.google.com/open?id=14qtcLiHrd6uBfjX9edPy3oxXnqB7ClG0</a>
942 ## - ADDED ENTRY ELEMENTS (KOHA)
Koha item type Project Report
Holdings
Withdrawn status Lost status Damaged status Home library Current library Date acquired Full call number Accession Number Koha item type
      KAUAET KAUAET 26/07/2018 631.56 DRI/DE P 418 Project Report
free website counter